ՀՀ Գիտությունների ազգային ակադեմիայի հիմնարար գիտական գրադարան  =   Fundamental Scientific Library of NAS RA

Պատմուածքներ եւ հէքեաթներ / (Record no. 101361)

MARC details
000 -LEADER
fixed length control field 00836nam a2200229 a 4500
001 - CONTROL NUMBER
control field 000277802
003 - CONTROL NUMBER IDENTIFIER
control field AM-YeHGA
005 - DATE AND TIME OF LATEST TRANSACTION
control field 20250618071826.0
008 - FIXED-LENGTH DATA ELEMENTS--GENERAL INFORMATION
fixed length control field 031029s1963 |||||||||||||||1|arm|d
040 ## - CATALOGING SOURCE
Original cataloging agency AM-YeHGA
041 0# - LANGUAGE CODE
Language code of text/sound track or separate title arm
090 ## - LOCALLY ASSIGNED LC-TYPE CALL NUMBER (OCLC); LOCAL CALL NUMBER (RLIN)
-- 102679
100 1# - MAIN ENTRY--PERSONAL NAME
Personal name Համաստեղ,
Fuller form of name (Կելենյան Համբարձում Հովհաննեսի),
Dates associated with a name 1895-1966
9 (RLIN) 3439
245 10 - TITLE STATEMENT
Title Պատմուածքներ եւ հէքեաթներ /
Statement of responsibility, etc. Համաստեղ.
246 00 - VARYING FORM OF TITLE
Title proper/short title Աղաւնիները
260 ## - PUBLICATION, DISTRIBUTION, ETC.
Place of publication, distribution, etc. Ա. ե. :
Name of publisher, distributor, etc. Արամեան սանուց միութ. հրատ.,
Date of publication, distribution, etc. 1963.
300 ## - PHYSICAL DESCRIPTION
Extent 360 էջ ;
Dimensions 20 սմ.
440 #0 - SERIES STATEMENT/ADDED ENTRY--TITLE
Title Արամեան Սանուց միութ
Volume/sequential designation թիւ 7
650 14 - SUBJECT ADDED ENTRY--TOPICAL TERM
Topical term or geographic name entry element Հայ գրականություն
General subdivision Պատմվածք
650 14 - SUBJECT ADDED ENTRY--TOPICAL TERM
Topical term or geographic name entry element Հայ գրականություն
General subdivision Հեքիաթ
9 (RLIN) 4726
942 ## - ADDED ENTRY ELEMENTS (KOHA)
Source of classification or shelving scheme Universal Decimal Classification
Koha item type Գրքեր / Books
Holdings
Withdrawn status Lost status Source of classification or shelving scheme Damaged status Not for loan Collection Home library Current library Date acquired Total checkouts Full call number Barcode Date last seen Price effective from Koha item type Public note
    Universal Decimal Classification     General Fundamental Scientific Library Fundamental Scientific Library 22/12/2016   AII/77163 220077163 22/12/2016 22/12/2016 Գրքեր / Books 30 Days Loan
    Universal Decimal Classification     General Fundamental Scientific Library Fundamental Scientific Library 22/12/2016   AII/77164 220077164 22/12/2016 22/12/2016 Գրքեր / Books 30 Days Loan


ՀՀ ԳԱԱ հիմնարար գիտական գրադարան
ՀՀ,Երևան 0019
Մարշալ Բաղրամյան 24/6
հեռախոս:(374-10) 52-47-50
Հետադարձ կապ

All site content, except where otherwise noted, is licensed under a
Creative Commons License